000 00646nam a2200265Ia 4500
005 20260306163527.0
008 008 260114s9999 xx 000 0 eng d
020 _a9780300271355
037 _aEBOOK
040 _aCRL
040 _beng
040 _cCRL
041 _2eng
041 _aeng
084 _qCRL
100 _aDorrien
_91128814
245 2 _aA Darkly Radiant Vision: The Black Social Gospel In The Shadow Of Mlk
260 _bYale University Press
260 _c2023
650 _aSocial Work
856 _uhttps://academic.oup.com/book/51587
942 _cEBOOK
999 _c1710460
_d1710460